书目信息 |
| 题名: |
Pro/ENGINEER野火版入门与提高
|
|
| 作者: | ;罗坤 , 孙江宏 , 黄小龙 编著 ;东方人华 主编 | |
| 分册: | ||
| 出版信息: | 北京 清华大学出版社 2005.3 |
|
| 页数: | X,352页 | |
| 开本: | 26cm | |
| 丛书名: | 软件入门与提高丛书 | |
| 单 册: | ||
| 中图分类: | TH122 | |
| 科图分类: | ||
| 主题词: | 机械设计--ji xie she ji--计算机辅助设计--应用软件 , 机械设计--ji xie she ji , 计算机辅助设计--ji suan ji fu zhu she ji , 应用软件--ying yong ruan jian | |
| 电子资源: | ||
| ISBN: | 7-302-09968-5 | |
| 000 | 01235cam2 2200337 450 | |
| 001 | 012005045346 | |
| 005 | 20051124092556.20 | |
| 010 | @a7-302-09968-5@dCNY29.00 | |
| 100 | @a20050716d2005 em y0chiy0121 ea | |
| 101 | 0 | @achi |
| 102 | @aCN@b110000 | |
| 105 | @af z 000yy | |
| 200 | 1 | @aPro/ENGINEER野火版入门与提高@APro/ENGINEER ye huo ban ru men yu ti gao@f东方人华主编@g孙江宏,黄小龙,罗坤等编著 |
| 210 | @a北京@c清华大学出版社@d2005.3 | |
| 215 | @aX,352页@c图@d26cm | |
| 225 | 2 | @a软件入门与提高丛书@Aruan jian ru men yu ti gao cong shu@f李振格主编 |
| 330 | @a本书从实用的角度介绍了Pro/ENGINEER野火版的使用,并结合实例介绍了其各功能模块的主要功能。 | |
| 461 | 0 | @12001 @a软件入门与提高丛书 |
| 606 | 0 | @a机械设计@Aji xie she ji@x计算机辅助设计@x应用软件 |
| 606 | 0 | @a机械设计@Aji xie she ji |
| 606 | 0 | @a计算机辅助设计@Aji suan ji fu zhu she ji |
| 606 | 0 | @a应用软件@Aying yong ruan jian |
| 610 | 0 | @aPro/ENGINEER |
| 690 | @aTH122@v4 | |
| 702 | 0 | @a罗坤@Aluo kun@4编著 |
| 702 | 0 | @a孙江宏@Asun jiang hong@4编著 |
| 702 | 0 | @a黄小龙@Ahuang xiao long@4编著 |
| 711 | 02 | @a东方人华@Adong fang ren hua@4主编 |
| 801 | 0 | @aCN@bSRXX@c20051124 |
| 801 | 2 | @aCN@bSRXX@c20051110 |
| 905 | @a10447@dTH122@eD664 | |
| Pro/ENGINEER野火版入门与提高/东方人华主编/孙江宏,黄小龙,罗坤等编著.-北京:清华大学出版社,2005.3 |
| X,352页:图;26cm.-(软件入门与提高丛书/李振格主编) |
| ISBN 7-302-09968-5:CNY29.00 |
| 本书从实用的角度介绍了Pro/ENGINEER野火版的使用,并结合实例介绍了其各功能模块的主要功能。 |
| ● |
| 相关链接 |
|
|
|
正题名:Pro/ENGINEER野火版入门与提高
索取号:TH122/D664
 
预约/预借
| 序号 | 登录号 | 条形码 | 馆藏地/架位号 | 状态 | 备注 |
| 1 | 544510 | 205445106 | 自科二线400A/400A自科库 26排3列2层/ [索取号:TH122/D664] | 在馆 | |
| 2 | 544511 | 205445115 | 自科库501/501自科库 32排4列3层/ [索取号:TH122/D664] | 在馆 | |
| 3 | 544512 | 205445124 | 自科库501/501自科库 32排4列3层/ [索取号:TH122/D664] | 在馆 |